000 01346nam a2200313 4500
003 EG-GICUC
005 20260302103339.0
008 260302t1968 ua|||||f |||| 00| 0 ara d
040 _a EG-GICUC
_bara
_c EG-GICUC
_d EG-GICUC
_erda
043 _af-ua---
082 0 4 _221
_a343.431
092 0 4 _221
099 _aLaw1 10 343.431 م د . ج 2002
100 0 _aمدحت محمد عبدالعزيز إبراهيم
243 _aروح القوانين
245 1 2 _aالجرائم الإرهابية في قانون العقوبات المصري :
_bدراسة مقارنة
_cمدحت محمد عبدالعزيز إبراهيم .
264 _aطنطا:
_b;مطبعة جامعة طنطا
_c2002.
300 _a175; صفحة
_c24 سم
336 _2rda content
_atext
337 _2rda media
_aComputer
338 _2rda carrier
_aOnline Resource
500 _aروح القوانين مجلة علمية تصدر عم أعضاء هيئة التدريس - كلية الحقوق جامعة طنطا العدد الخامس والعشرون: يناير 2002
600 _aالتشريع الخاص بالإرهاب
650 1 4 _aقانون العقوبات شأن الكسب غير المشروع
_2qrmak
651 1 _2qrmak
856 4 0 _uhttps://fll.law.cu.edu.eg/fulltext/bks/B10-08865.pdf
905 _a17
942 _2ddc
_n0
_cBK
_e21
999 _c64570
_d64570